The revolt of the provinces : conservatives and radicals in the English Civil War, 1630-1650 /

Bibliographic Details
Main Author: Morrill, J. S. (John Stephen)
Format: Book
Language:English
Published: London : New York : Allen and Unwin ; Barnes & Noble Books, 1976.
Series:Historical problems: studies and documents ; 26.
Subjects:

MARC

Tag First Indicator Second Indicator Subfields
LEADER 00000cam a2200000 i 4500
001 in00000079393
005 20151008052839.0
008 761103s1976 enk b 00110 eng
010 |a  76378561   |z  75040544  
015 |a GB76-16725 
020 |a 0064949753 (Barnes & Noble Books) :  |c $15.00 (U.S.) 
020 |a 0049421441 
035 |a (OCoLC)02616016 
035 |9 AAH5147AM 
040 |a DLC  |c DLC  |d OCL  |d TXA  |d UtOrBLW 
043 |a e-uk--- 
049 |a TXAM  |c [1558745] 
050 0 0 |a DA415  |b .M59 1976 
082 0 |a 942.06/2 
100 1 |a Morrill, J. S.  |q (John Stephen) 
245 1 4 |a The revolt of the provinces :  |b conservatives and radicals in the English Civil War, 1630-1650 /  |c [by] J. S. Morrill. 
264 1 |a London :  |b Allen and Unwin ;  |a New York :  |b Barnes & Noble Books,  |c 1976. 
300 |a 3-234 pages ;  |c 23 cm. 
336 |a text  |b txt  |2 rdacontent 
337 |a unmediated  |b n  |2 rdamedia 
338 |a volume  |b nc  |2 rdacarrier 
490 1 |a Historical problems : Studies and documents ;  |v 26 
504 |a Includes bibliographical references and index. 
651 0 |a Great Britain  |x History  |y Civil War, 1642-1649. 
651 0 |a Great Britain  |x History  |y Civil War, 1642-1649  |x Sources. 
830 0 |a Historical problems: studies and documents ;  |v 26. 
999 |a MARS 
999 f f |s b60983bb-8ff4-3a81-85d1-1de88d6bcebf  |i e9617757-6304-359d-a151-539ce03c67da  |t 0 
952 f f |p ric  |a Texas A&M University  |b Rellis Campus  |c Joint Library Facility  |d Remote Storage  |t 0  |e DA415 .M59 1976  |h Library of Congress classification  |i unmediated -- volume  |m A14801923266 
998 f f |a DA415 .M59 1976  |t 0  |l Remote Storage